Murche. (Record no. 95129)

MARC details
000 -LEADER
fixed length control field 00542nam a2200205Ia 4500
003 - CONTROL NUMBER IDENTIFIER
control field OSt
005 - DATE AND TIME OF LATEST TRANSACTION
control field 20260507101146.0
008 - FIXED-LENGTH DATA ELEMENTS--GENERAL INFORMATION
fixed length control field 210210b1990 xxu||||| |||| 00| 0 eng d
040 ## - CATALOGING SOURCE
Transcribing agency AL
041 ## - LANGUAGE CODE
Language code of text/sound track or separate title Kannada
082 ## - DEWEY DECIMAL CLASSIFICATION NUMBER
Classification number 616.8K KAPM
100 ## - MAIN ENTRY--PERSONAL NAME
Personal name KAPANIPATAYYA (N).
Dates associated with a name ಕಪಾನಿಪತಯ್ಯ (ಎನ್)
9 (RLIN) 263422
245 ## - TITLE STATEMENT
Title Murche.
Remainder of title ಮೂರ್ಛೆ
260 ## - PUBLICATION, DISTRIBUTION, ETC.
Place of publication, distribution, etc. Bengaluru.
Name of publisher, distributor, etc. Santosh Pablikeshans,
Date of publication, distribution, etc. 1990
300 ## - PHYSICAL DESCRIPTION
Extent 64
650 ## - SUBJECT ADDED ENTRY--TOPICAL TERM
Topical term or geographic name entry element Epilepsy
9 (RLIN) 263423
690 ## - LOCAL SUBJECT ADDED ENTRY--TOPICAL TERM (OCLC, RLIN)
Topical term or geographic name as entry element Diseases
9 (RLIN) 263424
906 ## - LOCAL DATA ELEMENT F, LDF (RLIN)
a 045790
942 ## - ADDED ENTRY ELEMENTS (KOHA)
Source of classification or shelving scheme Dewey Decimal Classification
Koha item type Book
Holdings
Withdrawn status Lost status Damaged status Not for loan Collection code Home library Current library Shelving location Date acquired Cost, normal purchase price Total Checkouts Full call number Barcode Date last seen Price effective from Koha item type
          St Aloysius Library St Aloysius Library   02/17/2021 6.00   616.8K KAPM 045790 02/17/2021 02/17/2021 Book